000 00407nam a2200145Ia 4500
008 220204s9999 xx 000 0 und d
082 _a581.5
_bBRE
100 _aBREYMEYER, A I
245 0 _aGrasslands systems analysis and man
260 _aLondon
_bCambridge University
_c1980
490 _aInternational biological programme; 19
650 _aGrassland ecology
700 _aVANDYNG, G M
942 _cBK
999 _c35578
_d35578